| 000 | 01225nam a22002777a 4500 | ||
|---|---|---|---|
| 005 | 20170323121211.0 | ||
| 008 | 140714b xxu||||| |||| 00| 0 Urdu d | ||
| 010 | _aUR-8554 B-548253 B-665916 | ||
| 020 |
_c300.00 _a9788180422881 |
||
| 035 | _aU-7109 B-548253 B-665916 | ||
| 037 | _bBPPD/Publishers/Venders | ||
| 037 | _bDBAD/Pub. | ||
| 037 | _bStar Pub.(Vend.)/Modern Pub. (Pub.) | ||
| 040 |
_aDPL _bUrdu |
||
| 082 | _a840.8 | ||
| 100 | _aسا حر شيو ی | ||
| 245 |
_aا ہل ا ر د و کے نز ر ا نے _cسا حر شيو ی |
||
| 246 |
_aAhle Urdu ke Nazrane _bby Sahir Shiwee |
||
| 260 |
_bModern Publishing House _bStar Publications.( Vender) _c2013 |
||
| 260 | _a4/5Asaf Ali Road,New Delhi-110002 | ||
| 270 |
_a9-گو لا ما ر کيٹ،د ر يا گنج _b نئ دھلی _e110002 _k01123278869 |
||
| 300 |
_a128ص _c22Cm(Pb) |
||
| 942 |
_2ddc _cUR _mس ا ح _h840.8 |
||
| 999 |
_c87726 _d87726 |
||